5-by-5 Logic Puzzle Quiz Stats

 Plays Quiz Updated Mar 28, 2019

Support Sporcle.
Go Orange.
Score 0/25 Timer 03:00
1 Play Today
cell number % Correct

a
???
100%

e
???
99.8%

v
???
99.7%

h
???
99.7%

l
???
99.7%

o
???
99.7%

s
???
99.7%

z
???
99.7%

c
???
66.2%

n
???
65.2%

k
???
63.4%

p
???
62.6%

x
???
59.2%
cell number % Correct

b
???
52.9%

d
???
52.3%

g
???
48.7%

f
???
48.4%

i
???
48.3%

r
???
48.1%

t
???
47.1%

w
???
45.5%

q
???
45.4%

j
???
45.3%

u
???
45.2%

y
???
44.9%

From the Vault

What Did I Type? (US States)

by chaosBEE

These states are just our type.
Remove Ads.
Support Sporcle.
Get the best of Sporcle when you Go Orange. This ad-free experience offers more features, more stats, and more fun while also helping to support Sporcle. Thank you for becoming a member.

Show Comments

Extras

Top Quizzes Today


Score Distribution

Your Account Isn't Verified!

In order to create a playlist on Sporcle, you need to verify the email address you used during registration. Go to your Sporcle Settings to finish the process.

Report this User

Report this user for behavior that violates our Community Guidelines.

Details: